Logótipos da Marca #6 - Statistics

Estatísticas Gerais
  • Esse quiz foi jogado 660 vezes
  • A pontuação média é 13 de 20
Estatísticas das Respostas
Imagem Resposta % Correto
Coca-Cola
100%
Tiktok
98%
Doritos
96%
Dove
95%
WhatsApp
93%
Subway
92%
Lay's
87%
Nickelodeon
87%
Santander
86%
Marvel Comics
83%
Mitsubishi
73%
Harley-Davidson
58%
IBM
46%
Lipton
41%
Huawei
37%
Blockbuster
33%
Mountain Dew
29%
Marcopolo
20%
Chick-fil-A
18%
CBS
15%
Nenhum quiz correspondente encontrado
Distribuição das Pontuações
Porcentagem de Pessoas com Cada Pontuação
Percentil de Números Respondidos
Sua Pontuação Histórica
Você não jogou esse quiz